Studies on Cicindelids. LVII. Additions to the fauna of New Guinea, and re-depository of some type specimens (<Coleoptera: Cicindelidae>) (Registro nro. 11426)
[ vista simple ]
| 000 -CABECERA | |
|---|---|
| Campo de control | 008540000a22002290004500 |
| 090 ## - CLASIFICACIÓN LOCAL | |
| Colección | AR |
| Consecutivo | 02355 |
| 041 0# - IDIOMA | |
| Código de idioma para texto/pista de sonido o título separado | |
| 100 1# - ASIENTO PRINCIPAL--NOMBRE PERSONAL | |
| Nombre personal | Cassola, Fabio |
| 245 10 - MENCION DE TITULO | |
| Título | Studies on Cicindelids. LVII. Additions to the fauna of New Guinea, and re-depository of some type specimens (<Coleoptera: Cicindelidae>) |
| 650 14 - ASIENTO SECUNDARIO DE MATERIA - TERMINO TEMATICO | |
| Término temático o nombre geográfico como elemento de entrada | Entomología |
| 650 14 - ASIENTO SECUNDARIO DE MATERIA - TERMINO TEMATICO | |
| Término temático o nombre geográfico como elemento de entrada | Nuevas especies |
| 650 14 - ASIENTO SECUNDARIO DE MATERIA - TERMINO TEMATICO | |
| Término temático o nombre geográfico como elemento de entrada | Coleópteros |
| 650 14 - ASIENTO SECUNDARIO DE MATERIA - TERMINO TEMATICO | |
| Término temático o nombre geográfico como elemento de entrada | Taxonomía animal |
| 650 14 - ASIENTO SECUNDARIO DE MATERIA - TERMINO TEMATICO | |
| Término temático o nombre geográfico como elemento de entrada | Morfología animal |
| 651 #4 - ASIENTO SECUNDARIO DE MATERIA - NOMBRE GEOGRAFICO | |
| -- | Nueva Guinea |
| 651 #4 - ASIENTO SECUNDARIO DE MATERIA - NOMBRE GEOGRAFICO | |
| -- | Australia |
| 653 ## - TERMINO DE INDIZACION - NO CONTROLADO | |
| -- | Cicindelidae |
| -- | Caledonomorpha |
| -- | Caledonomorpha ullrichi |
| 653 ## - TERMINO DE INDIZACION - NO CONTROLADO | |
| -- | Cicindelidae |
| -- | Caledonomorpha |
| -- | Caledonomorpha loebli |
| 653 ## - TERMINO DE INDIZACION - NO CONTROLADO | |
| -- | Cicindelidae |
| -- | Caledonomorpha |
| -- | Caledonomorpha poggii |
| 773 1# - Item fuente: | |
| Título | Revue Suisse de Zoologie |
| Especificación de materiales | 344 |
| Descripción física | 4 |
| Paginas del Articulo | 803-810 |
| Lugar, editorial y fecha de publicación | 1989 |
| Información sobre la relación | 96 |
| 942 ## - ELEMENTOS ADICIONALES (KOHA) | |
| Tipo de ítem | Artículo |
| Withdrawn status | Lost status | Damaged status | No para préstamo | Colección | Ubicación Permanente | Ubicación actual | Fecha de adquisición | Datos de publicación Seriada | Total Checkouts | Número topográfico | Inventario / Código de Barras | Date last seen | Ejemplar | Price effective from | Forma de adquisición | Tipo de material |
|---|---|---|---|---|---|---|---|---|---|---|---|---|---|---|---|---|
| No para Préstamo | Hemeroteca | Bogotá | Bogotá | 27/02/2015 | Fuera de circulación | AR 02355 | 012764 | 25/03/2015 | 1 | 25/03/2015 | Artículo |